000 02962 a2200421 4500
001 OB-cvz-8531
003 FrMaCLE
005 20251214082618.0
007 cu ||||||m||||
008 191124e||||||||xx |||||s|||||||||0|es|d
020 _a978-84-9096-222-0
024 7 _a10.4000/books.cvz.8531
_2doi
040 _aFR-FrMaCLE
041 _aspa
100 1 _aBonvalot, Anne-Laure
245 1 0 _aEscribir la democracia :
_bLiteratura y transiciones democráticas /
_cAnne-Laure Bonvalot, Anne-Laure Rebreyend, Philippe Roussin.
260 _aMadrid :
_bCasa de Velázquez,
_c2019.
300 _aX-308 p.
500 _aEbook
520 _a Los trabajos aquí reunidos abordan las intervenciones de la literatura en los procesos históricos de transición del siglo XX al siglo XXI, en el momento en que la democracia está por construir o consolidar. En el contexto actual, en el que tanto la discursividad como la representación democrática atraviesan una profunda crisis, escribir la democracia pasa a ser una tarea política, cultural y estética central. El presente libro propone un estudio comparativo inédito de la literatura en régimen democrático, desde el final de la Guerra Fría hasta las Primaveras Árabes. A través de estudios de casos que abordan la justicia literaria y la democracia en España, América latina, la India o el Maghreb, y mediante un diálogo final con cuatro novelistas españoles, esta aproximación transnacional cuestiona la pérdida de centralidad del modelo español de «transición consensual» y sus líneas de fractura recientes que revelan la emergencia de nuevas relaciones entre literatura y democracia. Cet ouvrage questionne la place et le rôle de la littérature dans les processus de transition de la troisième vague démocratique des années 1974-2005, depuis les transitions latino-américaines des années 1980 jusqu’aux expériences les plus récentes des révolutions démocratiques des printemps arabes. Les études de spécialistes venus de disciplines et d’horizons culturels divers (France, Espagne, Portugal, États-Unis, Royaume-Uni) permettent de saisir à l’échelle globale les mutations contemporaines des enjeux de la démocratisation dans le champ littéraire, et explorent la construction politique d’un monde commun dans l’expérience de la littérature.
540 _aOpenEdition Books License
_uhttps://www.openedition.org/12554
650 4 _aLiterature (General)
650 4 _alittérature
650 4 _adémocratie
650 4 _atransition
650 4 _apolitique
650 4 _aprintemps arabe
650 4 _aliteratura
650 4 _ademocracia
650 4 _atransición
650 4 _apolítica
650 4 _aprimavera árabe
700 1 _aRebreyend, Anne-Laure
700 1 _aRoussin, Philippe
760 0 _x2695-4230
776 _z978-84-9096-221-3
856 4 _eBonvalot, Anne-Laure
_uhttps://books.openedition.org/cvz/8531
_yEscribir la democracia
999 _c4472
_d4472